logo

Bir Sreshtho Munshi Abdur Rouf Library
Jhenaidah Cadet College

প্রোগ্রামিং এক্সারসাইজ / (Record no. 12160)

MARC details
000 -LEADER
fixed length control field 00764nam a2200229 a 4500
001 - CONTROL NUMBER
JCCL Control Number 12160
003 - CONTROL NUMBER IDENTIFIER
JCCL marc code BD-JhCC
005 - DATE AND TIME OF LATEST TRANSACTION
control field 20210322091835.0
008 - FIXED-LENGTH DATA ELEMENTS--GENERAL INFORMATION
fixed length control field 210322b 2019bg a|||| ||a| 000 0 mul d
020 ## - INTERNATIONAL STANDARD BOOK NUMBER
International Standard Book Number 9789848042038
035 ## - SYSTEM CONTROL NUMBER
system control number (BD-JhCC)12160
040 ## - CATALOGING SOURCE
Original cataloging agency BD-JhCC
Modifying agency BD-JhCC
041 ## - LANGUAGE CODE
Language code of Book mul
082 ## - DEWEY DECIMAL CLASSIFICATION NUMBER
Classification number 005.1
Author mark and Year RAF 2019
100 ## - MAIN ENTRY--PERSONAL NAME
Personal name রাফি, তাহমিদ
245 ## - TITLE STATEMENT
Title প্রোগ্রামিং এক্সারসাইজ /
Statement of responsibility, etc তাহমিদ রাফি
260 ## - PUBLICATION, DISTRIBUTION, ETC. (IMPRINT)
Place of publication, distribution, etc ঢাকা :
Name of publisher, distributor, etc দ্বিমিক প্রকাশনী,
Date of publication, distribution, etc ২০১৯.
300 ## - PHYSICAL DESCRIPTION
Pagination ১১৫ পৃ. :
Other physical details চিত্রাবলী;
Dimensions ২৪ সে.মি.
650 ## - SUBJECT ADDED ENTRY--TOPICAL TERM
Topical term or geographic name as entry element Computer programming
942 ## - ADDED ENTRY ELEMENTS (KOHA)
Source of classification or shelving scheme Dewey Decimal Classification
Koha item type Books
Holdings
Source of classification or shelving scheme Damaged status Not for loan Home library Current library Shelving location Date of accession Cost, normal purchase price Total Checkouts Full call number Barcode Date last seen Date checked out Copy number Koha item type
Dewey Decimal Classification     JCC Rouf Library JCC Rouf Library General Stacks 05/11/2023 101.00 2 005.1 RAF 2019 16597 04/21/2024 02/19/2024 C-1 Books

JCC Library | Contacts | JCC Home

Last Update on 23 September 2017
Copyright @ 2017-2020 JCC Rouf Library
Rouf Library, Jhenidah Cadet College (JCC), Bangladesh